Recurso extraordinario de casación penal (Registro nro. 319500)
[ vista simple ]
| 000 -ENCABEZADO | |
|---|---|
| Número de control [NR] | 00642nam a22001457a 4500 |
| 005 - FECHA Y HORA DE LA ÚLTIMA TRANSACCIÓN | |
| control field | 20210914093401.0 |
| 008 - DE LONGITUD FIJA DE DATOS DE ELEMENTOS - INFORMACIÓN GENERAL | |
| Elementos de longitud fija [NR] | 210909s2012 ck |||gr|||| 00| 0 spa d |
| 082 ## - NUMERO DE CLASIFICACION DECIMAL DEWEY [R] | |
| Número de la edición [NR] | 20 |
| Número de clasificación [R] | 345.01 |
| 100 ## - ASIENTO PRINCIPAL--NOMBRE PERSONAL [NR] | |
| Nombre personal [NR] | Tribín Echeverry, Fernando |
| ID Autoridad | 105672 |
| 245 10 - MENCION DE TITULO [NR] | |
| Título [NR] | Recurso extraordinario de casación penal |
| Parte restante del título [NR] | manual para defensores públicos |
| Mención de responsabilidad, etc. [NR] | Fernando Tribín Echeverry ; edición Julián Alberto Marín Trujillo |
| 260 ## - PUBLICACION, DISTRIBUCION, ETC. (PIE DE IMPRENTA) [R] | |
| Lugar de publicación, distribución, etc. [R] | Bogotá |
| Nombre del editor, distribuidor, etc. [R] | USAID |
| Fecha de publicación, distribución, etc. [R] | 2012 |
| 650 #7 - ASIENTO SECUNDARIO DE MATERIA - TERMINO TEMATICO [R] | |
| Término temático o nombre geográfico como elemento de entrada [NR] | Recurso de casación (Derecho penal) |
| Subdivisión de forma [R] | Manuales |
| Subdivisión geográfica [R] | Colombia |
| 9 (RLIN) | 106135 |
| 650 #7 - ASIENTO SECUNDARIO DE MATERIA - TERMINO TEMATICO [R] | |
| Término temático o nombre geográfico como elemento de entrada [NR] | Procedimiento penal |
| Subdivisión de forma [R] | Manuales |
| Subdivisión geográfica [R] | Colombia |
| 9 (RLIN) | 106136 |
| 942 ## - ELEMENTOS DE ENTRADA AGREGADOS (KOHA) | |
| Sistema de clasificación | DEWEY |
| Tema principal | Derecho |
| Tipo de ítem principal el descrito en 300a | Libro |
| Edición | 1 |
| Clasificación | 345.01 |
| Parte restante de la signatura top. | T822r |
| Título oculto en OPAC | No |
| 999 ## - | |
| -- | 319500 |
| -- | 319500 |
| Signatura topográfica | Código de barras | Última vez visto | Ejemplar | Costo de reposición | Price effective from | Tipo de ítem | Perdido | Sistema de clasificación | Dañado | No prestable | Tipo de ítem específico | Suprimido | Ubicación habitual | Ubicación actual | Localización | Fecha de creación | Forma de adquisición | Costo |
|---|---|---|---|---|---|---|---|---|---|---|---|---|---|---|---|---|---|---|
| 345.01 T822r | 100167898 | 06/06/2024 | Ej.1 | 26000.00 | 09/09/2021 | Libro | DEWEY | Libro | Claustro | Claustro | 3er piso | 09/09/2021 | Donación | 0.00 |